CHERUB - Quiz - Statistiques

Statistiques générales
  • Ce quiz a été pris 434 fois
  • Le résultat moyen est 29 sur 51
Statistiques - réponses
Indice Réponse % Correct
Titre du 1er livre 100 jours en enfer
90%
Nom du personnage principal après son intégration dans l'organisation James Adams
88%
Age du personnage principal lors de son recrutement à CHERUB 12 ans
80%
Couleur du T-Shirt porté par les agents émérites qui ont brillés lors de plusieurs missions Noir
79%
Couleur du T-Shirt porté par les invités Orange
79%
Couleur du T-Shirt porté par les résidents n'ayant pas encore suivi le programme d'entrainement Rouge
79%
Couleur du T-Shirt porté par les anciens agents lors de leur retour sur le campus Blanc
76%
Titre du 3ème livre Arizona Max
74%
Coéquipière du personnage principal durant le programme d'entrainement initial Kerry Chang
74%
Couleur du T-Shirt porté par les agents opérationnels à l'issue du programme d'entrainement Gris
73%
Sœur du personnage principal Lauren Adams
72%
Couleur du T-Shirt porté par les agents ayant brillé lors d'une mission Bleu marine
70%
Titre du 2ème livre Trafic
68%
Titre du 8ème livre Mad Dogs
65%
Titre du 6ème livre Sang pour Sang
62%
Nom du personnage principal avant son intégration dans l'organisation James Choke
61%
Nom de l'auteur de la série Robert Muchamore
61%
Titre du 5ème livre Les Survivants
60%
Couleur du T-Shirt porté par les agents suivant le programme d'entrainement Bleu ciel
59%
Titre du 4ème livre Chute Libre
59%
Directeur de l'organisation du tome 1 à 6 Dr Terence "Mac" McAfferty
59%
Ami du personnage principal, spécialiste des arts martiaux Bruce Norris
58%
Titre du 9ème livre Crash
57%
Meilleur ami du personnage principal Kyle Blueman
56%
Meilleure amie de la soeur Bethany Parker
54%
Nom du clan dans lequel le personnage principal des tomes 13 à 16 va passé plusieurs mois en infiltration Clan Aramov
54%
Titre du 11ème livre Vandales
54%
Point fort du personnage principal Mathématiques
53%
Instructeur sadique détesté par les agents Norman Large
53%
Directrice de l'organisation à partir du tome 6 Zara Asker
53%
Titre du 7ème livre A la dérive
52%
Titre du 17ème livre Commando Adams
52%
Titre du livre 8 1/2 Soleil Noir
52%
Défi que les futurs agents doivent réaliser à l'aide d'un stylo lors de leur examen d'entrée, qui en a rebuté plus d'un Tuer un poulet
52%
Titre du 10ème livre Le Grand Jeu
50%
Titre du 13ème livre Le Clan Aramov
49%
Amie du personnage principal, qui lui appris à nager Amy Collins
48%
Frère de la meilleure amie de la soeur Jake Parker
48%
Ancien agent du MI5, contrôleur de mission John Jones
48%
Titre du 12ème livre La Vague Fantôme
48%
Mari de la directrice Ewart Asker
46%
Meilleure amie de la coéquipière du personnage principal Gabrielle O'Brien
44%
(Petit) ami de la soeur Greg "Rat" Rathbone
44%
Fils ainé de la directrice Joshua Asker
44%
Nom du personnage principal des tomes 13 à 16 Ryan Sharma
43%
Amie du personnage principal, surnommée "Cheddar" au début de l'histoire Dana Smith
42%
Titre du 15ème livre Black Friday
39%
Titre du 14ème livre L'Ange Gardien
36%
Responsable de formation du personnage principal Meryl Spencer
36%
Titre du 16ème livre Hors-La-Loi
30%
Nom complet de l'organisation secrète employant des enfants Charles Henderson's Espionage Research Unit B
13%
Aucun quiz correspondant
Distribution des résultats
% des personnes avec chaque résultat
Percentile par nombre de réponses
Votre historique - résultats
Vous n’avez pas pris ce quiz